| 000 | 03046nam a22003617a 4500 | ||
|---|---|---|---|
| 005 | 20100720114950.0 | ||
| 010 | _aHIN-89729 B-433618-627 | ||
| 020 |
_c250.00 _a9788181439697 |
||
| 035 | _aHN-62075 | ||
| 035 | _aB-433618-627 | ||
| 037 | _bDBAD / PUB | ||
| 037 | _bबल्यू बैरी | ||
| 082 | _aक | ||
| 100 |
_aशरद सिंह _929904 |
||
| 245 |
_aछिपी हुई औरत और अन्य कहानियाँ / _cशरद सिंह |
||
| 246 |
_aChhipi hui aurat aur anya Kahaniyan _bby Sharad Singh |
||
| 260 |
_aनई दिल्ली _bवाणी प्रकाशन _c2009 |
||
| 270 |
_a4695, 21-ए, दरियागंज _bनई दिल्ली _e110002 |
||
| 300 |
_a175पृ. _b22 सेमी. (सजिल्द) |
||
| 942 |
_2ddc _cHN _hक _mशरद |
||
| 999 |
_c37130 _d37130 |
||